00477nam a2200121Ia 4500001000400000008004100004082002800045100006300073245012400136260005300260901002700313999001500340954241024s9999 xx 000 0 und d aRD/372.97293/R426i/2003 aRepública Dominicana.Secretaria de Estado de Educación 0aInforme final de la fase demostrativa del proyecto fortalecimiento de la educación inicial en República Dominicana. bDireccuón General de Educación Inicialc2003 a14/1/2011 2:39:47 p.m. c8624d8624